Statistics for Lakes on World Map

Click here to take the quiz!

General Stats

  • This quiz has been taken 382 times
  • The average score is 11 of 16

Answer Stats

Lake % Correct
Superior
95%
Michigan
94%
Victoria
94%
Erie
91%
Huron
88%
Ontario
87%
Baikal
84%
Great Bear Lake
72%
Malawi
72%
Great Slave Lake
68%
Tanganyika
66%
Winnipeg
55%
Aral
52%
Balkhash
26%
Nicaragua
25%
Turkana
18%

Score Distribution

Percentile by Number Answered

Percent of People with Each Score

Your Score History

You have not taken this quiz